|
|
|
|
| LEADER |
00923nam a2200217 a 4500 |
| 008 |
091117s1998 bg a b 000 0 eng d |
| 020 |
|
|
|a 9840514415
|
| 082 |
0 |
0 |
|a 372.954
|2 21
|
| 100 |
1 |
|
|a Haq, Mahbub ul,
|d 1934-1998.
|
| 245 |
1 |
0 |
|a Human development in South Asia, 1998 /
|c Mahbub ul Haq, Khadija Haq.
|
| 260 |
|
|
|a Dhaka:
|b The University Press,
|c 1998.
|
| 300 |
|
|
|a x, 189 p. :
|b ill. ;
|c 29 cm.
|
| 500 |
|
|
|a Published for the Human Development Centre."
|
| 504 |
|
|
|a Includes bibliographical references (p. 151-161).
|
| 541 |
1 |
|
|e 00015672
|
| 650 |
|
0 |
|a Education, Primary
|z South Asia.
|
| 650 |
|
0 |
|a Education and state
|z South Asia.
|
| 700 |
1 |
|
|a Haq, Khadija.
|
| 852 |
4 |
|
|a Ayesha Abed Library
|j General Shelf.
|
| 999 |
|
|
|c 5659
|d 5659
|
| 952 |
|
|
|0 0
|1 0
|2 ddc
|4 0
|6 372_954000000000000_HAQ
|7 0
|9 5579
|a BRACUL
|b BRACUL
|c GEN
|d 2009-11-21
|g 0.00
|l 0
|o 372.954 HAQ
|p 3010015672
|r 2009-11-21
|t 1
|w 2009-11-21
|y BK
|x No price found in the accession register.
|